[Event "DSJ Weihnachtsturnier U20 2020"]
[Site "https://play.chessbase.com/en/play?room=DSJWeihnachtU20"]
[Date "2020.12.29"]
[Round "1"]
[White "Müller, Milo"]
[Black "Schröder, Lennart"]
[Result "0-1"]
[Termination "time forfeit"]
[Board "12.3"]
[WhiteElo "1232"]
[BlackElo "1906"]
[WhiteTeam "SC Windischeschenbach"]
[BlackTeam "Schachklub Münster 32"]
[PlyCount "90"]
[WhiteFideId "16265700"]
[BlackFideId "16222490"]
[EventRounds "7"]
[EventType "team-swiss"]
[EventDate "2020.12.29"]

1. e4 {[%emt 0:00:13]} c5 {[%emt 0:00:04]} 2. Nc3 {[%emt 0:00:05]} Nc6 { [%emt
0:00:02]} 3. f4 {[%emt 0:00:02]} g6 {[%emt 0:00:02]} 4. Nf3 {[%emt 0:00:03]}
Bg7 {[%emt 0:00:01]} 5. Bb5 {[%emt 0:00:20]} Nd4 {[%emt 0:00:07]} 6. O-O {
[%emt 0:00:10]} Nxb5 {[%emt 0:00:05]} 7. Nxb5 {[%emt 0:00:02]} d6 {[%emt
0:00:03]} 8. d3 {[%emt 0:00:12]} Nf6 {[%emt 0:00:09]} 9. Qe1 {[%emt 0:00:51]}
Bd7 { [%emt 0:00:23]} 10. Nc3 {[%emt 0:00:04]} O-O {[%emt 0:00:31]} 11. h3
{[%emt 0:00:41]} e6 {[%emt 0:00:27]} 12. g4 {[%emt 0:00:15]} Bc6 {[%emt
0:00:19]} 13. Rf2 {[%emt 0:00:24]} b5 {[%emt 0:00:27]} 14. Rg2 {[%emt 0:00:13]}
Qc7 {[%emt 0:00:38]} 15. Qg3 {[%emt 0:00:21]} b4 {[%emt 0:00:22]} 16. Ne2
{[%emt 0:00:05]} Rae8 {[%emt 0:00:10]} 17. f5 {[%emt 0:00:03]} exf5 {[%emt
0:00:07]} 18. gxf5 { [%emt 0:00:05]} Qe7 {[%emt 0:00:16]} 19. Bg5 {[%emt
0:00:44]} Kh8 {[%emt 0:00:31]} 20. Nf4 {[%emt 0:00:22]} gxf5 {[%emt 0:00:26]}
21. Nh5 {[%emt 0:02:21]} Nxh5 {[%emt 0:01:14]} 22. Bxe7 {[%emt 0:00:03]} Nxg3
{[%emt 0:00:01]} 23. Bxf8 {[%emt 0:00:02]} Rxf8 {[%emt 0:00:01]} 24. Rxg3
{[%emt 0:00:02]} fxe4 {[%emt 0:00:03]} 25. dxe4 {[%emt 0:00:08]} Bxb2 {[%emt
0:00:02]} 26. Rf1 {[%emt 0:00:08] } Bxe4 {[%emt 0:00:03]} 27. Ng5 {[%emt
0:00:03]} Bd4+ {[%emt 0:00:13]} 28. Kh2 {[%emt 0:00:14]} Bg6 {[%emt 0:00:01]}
29. Rgf3 {[%emt 0:00:18]} Be5+ {[%emt 0:00:11]} 30. Kh1 {[%emt 0:00:10]} f5
{[%emt 0:00:07]} 31. Ne6 {[%emt 0:00:14]} Rf6 {[%emt 0:00:06]} 32. Nf4 {[%emt
0:00:02]} Kg7 {[%emt 0:00:05]} 33. Rg1 { [%emt 0:00:14]} Rf7 {[%emt 0:00:08]}
34. Nh5+ {[%emt 0:00:32]} Kf8 {[%emt 0:00:04]} 35. Ng3 {[%emt 0:00:13]} f4
{[%emt 0:00:09]} 36. Ne2 {[%emt 0:00:36]} Be4 {[%emt 0:00:02]} 37. Rgf1 {[%emt
0:00:01]} Bxf3+ {[%emt 0:00:01]} 38. Rxf3 { [%emt 0:00:02]} Ke7 {[%emt
0:00:01]} 39. a3 {[%emt 0:00:02]} a5 {[%emt 0:00:04] } 40. Kg1 {[%emt 0:00:12]}
Ke6 {[%emt 0:00:08]} 41. Kf1 {[%emt 0:00:02]} Kd5 { [%emt 0:00:03]} 42. Kg2
{[%emt 0:00:22]} Ke4 {[%emt 0:00:03]} 43. Nc1 {[%emt 0:00:03]} Rg7+ {[%emt
0:00:02]} 44. Kf2 {[%emt 0:00:03]} Bd4+ {[%emt 0:00:01]} 45. Ke2 {[%emt
0:00:01]} Rg2+ {[%emt 0:00:01] TimeW} 0-1

[Event "DSJ Weihnachtsturnier U20 2020"]
[Site "https://play.chessbase.com/en/play?room=DSJWeihnachtU20"]
[Date "2020.12.29"]
[Round "1"]
[White "Toval, David"]
[Black "Lamm, Simon"]
[Result "1-0"]
[Termination "normal"]
[Board "12.4"]
[WhiteElo "1857"]
[BlackElo "1569"]
[WhiteTeam "Schachklub Münster 32"]
[BlackTeam "SC Windischeschenbach"]
[PlyCount "121"]
[WhiteFideId "12992755"]
[BlackFideId "16203003"]
[EventRounds "7"]
[EventType "team-swiss"]
[EventDate "2020.12.29"]

1. e4 {[%emt 0:00:02]} e6 {[%emt 0:00:02]} 2. d4 {[%emt 0:00:05]} d5 {[%emt
0:00:02]} 3. Nd2 {[%emt 0:00:08]} c5 {[%emt 0:00:16]} 4. c3 {[%emt 0:00:03]}
Nc6 {[%emt 0:00:22]} 5. exd5 {[%emt 0:00:01]} exd5 {[%emt 0:00:02]} 6. Ngf3 {
[%emt 0:00:12]} Nf6 {[%emt 0:00:32]} 7. Bb5 {[%emt 0:00:47]} Be7 {[%emt
0:00:50]} 8. O-O {[%emt 0:00:04]} O-O {[%emt 0:00:02]} 9. dxc5 {[%emt 0:00:10]}
Bxc5 {[%emt 0:00:05]} 10. Nb3 {[%emt 0:00:02]} Qb6 {[%emt 0:01:25]} 11. Bd3 {
[%emt 0:00:40]} Bg4 {[%emt 0:00:35]} 12. Nxc5 {[%emt 0:00:11]} Qxc5 {[%emt
0:00:01]} 13. Be3 {[%emt 0:01:13]} Qd6 {[%emt 0:00:18]} 14. Be2 {[%emt
0:00:09]} Rad8 {[%emt 0:01:05]} 15. Nd4 {[%emt 0:00:10]} Bxe2 {[%emt 0:00:40]}
16. Qxe2 { [%emt 0:00:00]} Rfe8 {[%emt 0:00:04]} 17. Qf3 {[%emt 0:01:45]} a6
{[%emt 0:00:52]} 18. Rfd1 {[%emt 0:00:17]} Ne5 {[%emt 0:01:20]} 19. Qg3 {[%emt
0:00:25]} Ne4 {[%emt 0:00:12]} 20. Qh3 {[%emt 0:02:12]} Nc4 {[%emt 0:00:22]}
21. Nf5 { [%emt 0:00:25]} Qg6 {[%emt 0:00:26]} 22. Rxd5 {[%emt 0:00:47]} Rxd5
{[%emt 0:00:23]} 23. Ne7+ {[%emt 0:00:04]} Kf8 {[%emt 0:00:19]} 24. Nxg6+
{[%emt 0:00:03]} fxg6 {[%emt 0:00:01]} 25. Qxh7 {[%emt 0:00:32]} Nxe3 {[%emt
0:00:06]} 26. fxe3 {[%emt 0:00:00]} Nf6 {[%emt 0:00:08]} 27. Qxg6 {[%emt
0:00:09]} Rxe3 { [%emt 0:00:02]} 28. Rf1 {[%emt 0:00:03]} Rd6 {[%emt 0:00:08]}
29. Qg5 {[%emt 0:00:05]} Rde6 {[%emt 0:00:05]} 30. h4 {[%emt 0:00:04]} Re1
{[%emt 0:00:04]} 31. Qc5+ {[%emt 0:00:04]} Kf7 {[%emt 0:00:03]} 32. Rxe1 {[%emt
0:00:01]} Rxe1+ { [%emt 0:00:01]} 33. Kf2 {[%emt 0:00:01]} Re7 {[%emt 0:00:01]}
34. Qc4+ { [%emt 0:00:02]} Kg6 {[%emt 0:00:01]} 35. Qd3+ {[%emt 0:00:03]} Kf7
{[%emt 0:00:01]} 36. Kf3 {[%emt 0:00:01]} Ne4 {[%emt 0:00:02]} 37. Qxe4 {[%emt
0:00:02]} Rxe4 {[%emt 0:00:01]} 38. Kxe4 {[%emt 0:00:00]} Ke6 {[%emt 0:00:00]}
39. g4 { [%emt 0:00:01]} b6 {[%emt 0:00:02]} 40. h5 {[%emt 0:00:01]} Kf6 {[%emt
0:00:01] } 41. Kf4 {[%emt 0:00:02]} b5 {[%emt 0:00:01]} 42. g5+ {[%emt
0:00:01]} Kf7 { [%emt 0:00:01]} 43. h6 {[%emt 0:00:01]} gxh6 {[%emt 0:00:01]}
44. gxh6 { [%emt 0:00:00]} Kg6 {[%emt 0:00:00]} 45. Ke5 {[%emt 0:00:01]} Kxh6
{[%emt 0:00:00]} 46. b3 {[%emt 0:00:01]} Kg7 {[%emt 0:00:00]} 47. c4 {[%emt
0:00:01]} Kf8 { [%emt 0:00:00]} 48. cxb5 {[%emt 0:00:01]} axb5 {[%emt 0:00:00]}
49. Kd5 { [%emt 0:00:01]} Ke8 {[%emt 0:00:00]} 50. Kc5 {[%emt 0:00:01]} Kd7
{[%emt 0:00:00]} 51. Kxb5 {[%emt 0:00:01]} Kc7 {[%emt 0:00:00]} 52. a4 {[%emt
0:00:01]} Kb7 {[%emt 0:00:01]} 53. a5 {[%emt 0:00:01]} Ka7 {[%emt 0:00:01]} 54.
Kc6 {[%emt 0:00:02]} Ka6 {[%emt 0:00:01]} 55. b4 {[%emt 0:00:00]} Ka7 {[%emt
0:00:01]} 56. b5 {[%emt 0:00:01]} Kb8 {[%emt 0:00:01]} 57. a6 {[%emt 0:00:05]}
Ka8 {[%emt 0:00:03]} 58. b6 {[%emt 0:00:02]} Kb8 {[%emt 0:00:01]} 59. b7 {[%emt
0:00:01]} Ka7 {[%emt 0:00:02]} 60. Kc7 {[%emt 0:00:01]} Kxa6 {[%emt 0:00:01]}
61. b8=Q { [%emt 0:00:01]} 1-0

[Event "DSJ Weihnachtsturnier U20 2020"]
[Site "https://play.chessbase.com/en/play?room=DSJWeihnachtU20"]
[Date "2020.12.29"]
[Round "1"]
[White "Runte, Moritz"]
[Black "Weidner, Markus"]
[Result "1-0"]
[Termination "normal"]
[Board "13.1"]
[WhiteElo "2133"]
[BlackElo "1667"]
[WhiteTeam "Schachverein Hemer 1932"]
[BlackTeam "SV Dresden-Striesen 1990"]
[PlyCount "41"]
[WhiteFideId "12991449"]
[BlackFideId "16236920"]
[EventRounds "7"]
[EventType "team-swiss"]
[EventDate "2020.12.29"]

1. e4 {[%emt 0:00:03]} c5 {[%emt 0:00:03]} 2. Nf3 {[%emt 0:00:01]} Nc6 { [%emt
0:00:01]} 3. d4 {[%emt 0:00:03]} cxd4 {[%emt 0:00:02]} 4. Nxd4 {[%emt 0:00:00]}
Nf6 {[%emt 0:00:02]} 5. Nc3 {[%emt 0:00:02]} e6 {[%emt 0:00:02]} 6. Nxc6 {[%emt
0:00:44]} bxc6 {[%emt 0:00:02]} 7. Bd3 {[%emt 0:00:05]} Bb4 { [%emt 0:00:03]}
8. O-O {[%emt 0:00:10]} h6 {[%emt 0:00:15]} 9. Bd2 {[%emt 0:01:10]} d5 {[%emt
0:01:05]} 10. e5 {[%emt 0:01:51]} Nd7 {[%emt 0:01:03]} 11. Qg4 { [%emt
0:00:11]} Bxc3 {[%emt 0:00:59]} 12. bxc3 {[%emt 0:00:07]} g5 {[%emt 0:02:36]}
13. Rae1 {[%emt 0:00:51]} f5 {[%emt 0:00:54]} 14. Qh5+ {[%emt 0:01:16]} Kf8
{[%emt 0:01:05]} 15. Bxf5 {[%emt 0:00:08]} exf5 {[%emt 0:00:04]} 16. e6 { [%emt
0:00:04]} Qe7 {[%emt 0:01:00]} 17. exd7 {[%emt 0:00:53]} Qxd7 {[%emt 0:00:00]}
18. Bxg5 {[%emt 0:00:12]} Rh7 {[%emt 0:01:01]} 19. Bxh6+ {[%emt 0:00:12]} Kg8
{[%emt 0:00:03]} 20. Re8+ {[%emt 0:00:04]} Qxe8 {[%emt 0:00:01]} 21. Qxe8#
{[%emt 0:00:00]} 1-0

[Event "DSJ Weihnachtsturnier U20 2020"]
[Site "https://play.chessbase.com/en/play?room=DSJWeihnachtU20"]
[Date "2020.12.29"]
[Round "1"]
[White "Pixa, Karl"]
[Black "Ciolacu, Alessia-Mihaela"]
[Result "0-1"]
[Termination "normal"]
[Board "13.2"]
[BlackTitle "WFM"]
[WhiteElo "1582"]
[BlackElo "2052"]
[WhiteTeam "SV Dresden-Striesen 1990"]
[BlackTeam "Schachverein Hemer 1932"]
[PlyCount "90"]
[WhiteFideId "16240480"]
[BlackFideId "1252640"]
[EventRounds "7"]
[EventType "team-swiss"]
[EventDate "2020.12.29"]

1. d4 {[%emt 0:00:04]} Nf6 {[%emt 0:00:02]} 2. c4 {[%emt 0:00:02]} e6 {[%emt
0:00:03]} 3. Nc3 {[%emt 0:00:01]} d5 {[%emt 0:00:02]} 4. Bg5 {[%emt 0:00:03]}
a6 {[%emt 0:00:04]} 5. e3 {[%emt 0:00:02]} Be7 {[%emt 0:00:07]} 6. Nf3 {[%emt
0:00:14]} O-O {[%emt 0:00:05]} 7. cxd5 {[%emt 0:00:02]} exd5 {[%emt 0:00:03]}
8. Bd3 {[%emt 0:00:10]} Be6 {[%emt 0:00:38]} 9. O-O {[%emt 0:00:04]} Nbd7 {
[%emt 0:00:21]} 10. Qc2 {[%emt 0:00:15]} h6 {[%emt 0:00:03]} 11. Bh4 {[%emt
0:00:03]} c5 {[%emt 0:00:11]} 12. a4 {[%emt 0:00:26]} Rc8 {[%emt 0:00:04]} 13.
Rac1 {[%emt 0:00:20]} Re8 {[%emt 0:00:15]} 14. Rfe1 {[%emt 0:00:06]} c4 { [%emt
0:00:15]} 15. Bf5 {[%emt 0:00:20]} Nf8 {[%emt 0:00:03]} 16. Ne5 {[%emt
0:00:42]} Bxf5 {[%emt 0:02:04]} 17. Qxf5 {[%emt 0:00:00]} g6 {[%emt 0:00:13]}
18. Qh3 {[%emt 0:01:17]} Kg7 {[%emt 0:00:14]} 19. f4 {[%emt 0:00:25]} N8h7 {
[%emt 0:00:36]} 20. g4 {[%emt 0:00:59] DD-Stri1-002 offers a draw} Ne4 { [%emt
0:01:22]} 21. Bxe7 {[%emt 0:00:18]} Rxe7 {[%emt 0:00:01]} 22. Nxe4 { [%emt
0:00:02]} dxe4 {[%emt 0:00:01]} 23. Rxc4 {[%emt 0:00:34]} f6 {[%emt 0:00:07]}
24. Rxc8 {[%emt 0:00:43]} Qxc8 {[%emt 0:00:03]} 25. Nxg6 {[%emt 0:00:34]} Kxg6
{[%emt 0:00:02]} 26. Qh5+ {[%emt 0:00:01]} Kg7 {[%emt 0:00:02]} 27. Kh1 { [%emt
0:00:09]} Qc2 {[%emt 0:00:16]} 28. f5 {[%emt 0:00:16]} Nf8 {[%emt 0:00:06]} 29.
h4 {[%emt 0:00:15]} Qf2 {[%emt 0:00:07]} 30. Rg1 {[%emt 0:00:03]} Qf3+ {[%emt
0:00:01]} 31. Kh2 {[%emt 0:00:09]} Rc7 {[%emt 0:00:03]} 32. Rg2 { [%emt
0:00:05]} Qxe3 {[%emt 0:00:42]} 33. g5 {[%emt 0:00:04]} Qf4+ {[%emt 0:00:01]}
34. Kh3 {[%emt 0:00:17]} Qf3+ {[%emt 0:00:01]} 35. Qxf3 {[%emt 0:00:03]} exf3
{[%emt 0:00:01]} 36. gxf6+ {[%emt 0:00:00]} Kxf6 {[%emt 0:00:03]} 37. Rg3
{[%emt 0:00:00]} f2 {[%emt 0:00:03]} 38. Rf3 {[%emt 0:00:02]} Rc2 {[%emt
0:00:02]} 39. Kg2 {[%emt 0:00:01]} Rxb2 {[%emt 0:00:03]} 40. Rxf2 {[%emt
0:00:00]} Rxf2+ {[%emt 0:00:02]} 41. Kxf2 {[%emt 0:00:00]} Kxf5 {[%emt
0:00:01]} 42. Kf3 {[%emt 0:00:01]} Nd7 {[%emt 0:00:02]} 43. Ke3 {[%emt
0:00:03]} Nf6 {[%emt 0:00:02]} 44. Kf3 {[%emt 0:00:01]} Nd5 {[%emt 0:00:02]}
45. Kg3 {[%emt 0:00:02]} h5 {[%emt 0:00:03]} 0-1

[Event "DSJ Weihnachtsturnier U20 2020"]
[Site "https://play.chessbase.com/en/play?room=DSJWeihnachtU20"]
[Date "2020.12.29"]
[Round "1"]
[White "Jessen, Mathilde"]
[Black "Leonard, Timo"]
[Result "0-1"]
[Termination "normal"]
[Board "13.4"]
[WhiteElo "1156"]
[BlackElo "1953"]
[WhiteTeam "SV Dresden-Striesen 1990"]
[BlackTeam "Schachverein Hemer 1932"]
[PlyCount "64"]
[WhiteFideId "16240340"]
[BlackFideId "16208757"]
[EventRounds "7"]
[EventType "team-swiss"]
[EventDate "2020.12.29"]

1. e4 {[%emt 0:00:06]} e6 {[%emt 0:00:04]} 2. Nc3 {[%emt 0:00:05]} d5 {[%emt
0:00:01]} 3. exd5 {[%emt 0:00:04]} exd5 {[%emt 0:00:01]} 4. Nf3 {[%emt
0:00:08]} Nf6 {[%emt 0:00:15]} 5. d4 {[%emt 0:00:11]} c6 {[%emt 0:00:14]} 6. h3
{[%emt 0:00:14]} Bf5 {[%emt 0:00:13]} 7. Bd3 {[%emt 0:00:08]} Bg6 {[%emt
0:00:05]} 8. O-O {[%emt 0:00:07]} Be7 {[%emt 0:00:10]} 9. Re1 {[%emt 0:00:06]}
O-O {[%emt 0:00:03]} 10. Ne5 {[%emt 0:00:47]} Bxd3 {[%emt 0:00:09]} 11. Qxd3
{[%emt 0:00:07] } Nbd7 {[%emt 0:00:01]} 12. Qg3 {[%emt 0:00:20]} Re8 {[%emt
0:00:52]} 13. Bf4 { [%emt 0:00:52]} Nh5 {[%emt 0:00:08]} 14. Qf3 {[%emt
0:00:32]} Nxf4 {[%emt 0:00:02]} 15. Qxf4 {[%emt 0:00:03]} Nxe5 {[%emt 0:00:05]}
16. Rxe5 {[%emt 0:00:23]} Bf6 {[%emt 0:00:41]} 17. Rxe8+ {[%emt 0:00:28]} Qxe8
{[%emt 0:00:00]} 18. Qe3 { [%emt 0:00:08]} Qxe3 {[%emt 0:00:08]} 19. fxe3
{[%emt 0:00:02]} Re8 {[%emt 0:00:03]} 20. Re1 {[%emt 0:00:06]} Bxd4 {[%emt
0:00:20]} 21. Kf2 {[%emt 0:00:22]} Bxc3 {[%emt 0:00:12]} 22. bxc3 {[%emt
0:00:03]} Kf8 {[%emt 0:00:09]} 23. g4 { [%emt 0:00:05]} Re4 {[%emt 0:00:03]}
24. Rb1 {[%emt 0:00:20]} b6 {[%emt 0:00:11]} 25. a3 {[%emt 0:00:06]} Ra4 {[%emt
0:00:06]} 26. Rb3 {[%emt 0:00:04]} c5 { [%emt 0:00:04]} 27. c4 {[%emt 0:00:32]}
Rxc4 {[%emt 0:00:09]} 28. c3 {[%emt 0:00:27]} Ke7 {[%emt 0:00:03]} 29. Kf3
{[%emt 0:00:11]} Kf6 {[%emt 0:00:02]} 30. h4 {[%emt 0:00:06]} h5 {[%emt
0:00:08]} 31. g5+ {[%emt 0:00:09]} Kf5 {[%emt 0:00:04]} 32. Kg3 {[%emt
0:00:37]} Ke4 {[%emt 0:00:04]} 0-1

[Event "DSJ Weihnachtsturnier U20 2020"]
[Site "https://play.chessbase.com/en/play?room=DSJWeihnachtU20"]
[Date "2020.12.29"]
[Round "1"]
[White "Schelhorn, Paul"]
[Black "Bethke, Richard"]
[Result "1/2-1/2"]
[Termination "normal"]
[Board "14.1"]
[BlackTitle "FM"]
[WhiteElo "1730"]
[BlackElo "2332"]
[WhiteTeam "Schachfreunde 1974 Heinsberg"]
[BlackTeam "SF Neuberg"]
[PlyCount "67"]
[WhiteFideId "12964077"]
[BlackFideId "12959243"]
[EventRounds "7"]
[EventType "team-swiss"]
[EventDate "2020.12.29"]

1. Nf3 {[%emt 0:00:04]} d5 {[%emt 0:00:04]} 2. d4 {[%emt 0:00:01]} Nf6 { [%emt
0:00:01]} 3. c4 {[%emt 0:00:02]} e6 {[%emt 0:00:01]} 4. Nc3 {[%emt 0:00:01]}
Be7 {[%emt 0:00:03]} 5. g3 {[%emt 0:00:02]} O-O {[%emt 0:00:19]} 6. Bg2 { [%emt
0:00:02]} Nbd7 {[%emt 0:00:08]} 7. O-O {[%emt 0:00:04]} c6 {[%emt 0:00:02]} 8.
b3 {[%emt 0:00:18]} b6 {[%emt 0:00:02]} 9. Re1 {[%emt 0:00:28]} Ba6 { [%emt
0:00:08]} 10. Bb2 {[%emt 0:00:06]} Rc8 {[%emt 0:00:10]} 11. Rc1 {[%emt
0:00:10]} dxc4 {[%emt 0:00:24]} 12. e4 {[%emt 0:00:02]} cxb3 {[%emt 0:00:35]}
13. axb3 {[%emt 0:00:00]} Bb7 {[%emt 0:00:02]} 14. e5 {[%emt 0:00:18]} Nd5 {
[%emt 0:00:04]} 15. Nd2 {[%emt 0:00:02]} c5 {[%emt 0:00:11]} 16. Qg4 {[%emt
0:00:17]} cxd4 {[%emt 0:00:22]} 17. Nxd5 {[%emt 0:00:10]} Bxd5 {[%emt 0:00:04]}
18. Rxc8 {[%emt 0:00:19]} Qxc8 {[%emt 0:00:03]} 19. Bxd5 {[%emt 0:00:00]} exd5
{[%emt 0:00:09]} 20. e6 {[%emt 0:00:01]} Nf6 {[%emt 0:00:32]} 21. exf7+ { [%emt
0:00:12]} Kxf7 {[%emt 0:00:00]} 22. Qxd4 {[%emt 0:00:01]} Bc5 {[%emt 0:00:05]}
23. Qd3 {[%emt 0:00:11]} Re8 {[%emt 0:00:11]} 24. Rxe8 {[%emt 0:01:22]} Qxe8
{[%emt 0:00:00]} 25. Nf3 {[%emt 0:00:01]} d4 {[%emt 0:01:54]} 26. b4 { [%emt
0:00:41]} Bd6 {[%emt 0:00:33]} 27. Bxd4 {[%emt 0:00:19]} Qe7 {[%emt 0:01:00]}
28. Ng5+ {[%emt 0:00:45]} Ke8 {[%emt 0:00:08]} 29. Qb5+ {[%emt 0:01:03]} Qd7
{[%emt 0:00:09]} 30. Qc4 {[%emt 0:00:12]} Bf8 {[%emt 0:00:50]} 31. Bxf6 { [%emt
0:00:20]} gxf6 {[%emt 0:00:03]} 32. Ne4 {[%emt 0:00:00]} Qe7 {[%emt 0:00:09]}
33. Qc8+ {[%emt 0:00:21]} Kf7 {[%emt 0:00:03]} 34. Qf5 {[%emt 0:00:02]
Heinsberg001 bietet Remis} 1/2-1/2

[Event "DSJ Weihnachtsturnier U20 2020"]
[Site "https://play.chessbase.com/en/play?room=DSJWeihnachtU20"]
[Date "2020.12.29"]
[Round "1"]
[White "Bethke, Robert"]
[Black "Benz, Leon"]
[Result "1-0"]
[Termination "normal"]
[Board "14.2"]
[WhiteElo "2100"]
[BlackElo "1639"]
[WhiteTeam "SF Neuberg"]
[BlackTeam "Schachfreunde 1974 Heinsberg"]
[PlyCount "53"]
[WhiteFideId "12959251"]
[BlackFideId "16294602"]
[EventRounds "7"]
[EventType "team-swiss"]
[EventDate "2020.12.29"]

1. d4 {[%emt 0:00:11]} d5 {[%emt 0:00:02]} 2. Nf3 {[%emt 0:00:01]} Nf6 { [%emt
0:00:11]} 3. Bf4 {[%emt 0:00:01]} Bf5 {[%emt 0:00:02]} 4. e3 {[%emt 0:00:01]}
e6 {[%emt 0:00:01]} 5. Bd3 {[%emt 0:00:01]} Bg6 {[%emt 0:00:03]} 6. Ne5 { [%emt
0:00:02]} Be7 {[%emt 0:01:32]} 7. O-O {[%emt 0:00:03]} O-O {[%emt 0:00:03]} 8.
Nxg6 {[%emt 0:00:12]} hxg6 {[%emt 0:00:08]} 9. h3 {[%emt 0:00:02]} c5 { [%emt
0:00:19]} 10. dxc5 {[%emt 0:00:05]} Nh5 {[%emt 0:00:00]} 11. Bh2 { [%emt
0:00:17]} Bxc5 {[%emt 0:00:10]} 12. Be2 {[%emt 0:00:03]} Nc6 {[%emt 0:00:19]}
13. Bxh5 {[%emt 0:00:07]} gxh5 {[%emt 0:00:08]} 14. Qxh5 {[%emt 0:00:00]} Qf6
{[%emt 0:01:04]} 15. c3 {[%emt 0:00:12]} Rac8 {[%emt 0:00:27]} 16. Nd2 { [%emt
0:00:11]} a6 {[%emt 0:00:59]} 17. Rad1 {[%emt 0:00:27]} b5 {[%emt 0:00:09]} 18.
e4 {[%emt 0:00:10]} Qd8 {[%emt 0:01:16]} 19. Nb3 {[%emt 0:00:13]} Ne7 {[%emt
0:00:03]} 20. exd5 {[%emt 0:00:07]} exd5 {[%emt 0:00:08]} 21. Nxc5 { [%emt
0:00:14]} Rxc5 {[%emt 0:00:26]} 22. Rfe1 {[%emt 0:00:02]} Re8 {[%emt 0:00:46]}
23. Bf4 {[%emt 0:00:37]} Qc8 {[%emt 0:00:23]} 24. Bd6 {[%emt 0:00:10]} Rc6
{[%emt 0:01:48]} 25. Rxe7 {[%emt 0:00:08]} Rxd6 {[%emt 0:00:04]} 26. Qxf7+
{[%emt 0:00:02]} Kh7 {[%emt 0:00:01]} 27. Qxg7# {[%emt 0:00:01]} 1-0

[Event "DSJ Weihnachtsturnier U20 2020"]
[Site "https://play.chessbase.com/en/play?room=DSJWeihnachtU20"]
[Date "2020.12.29"]
[Round "1"]
[White "Hoffknecht, Philipp"]
[Black "Kolzenburg, Jan Niklas"]
[Result "0-1"]
[Termination "normal"]
[Board "14.3"]
[WhiteElo "1575"]
[BlackElo "1671"]
[WhiteTeam "Schachfreunde 1974 Heinsberg"]
[BlackTeam "SF Neuberg"]
[PlyCount "56"]
[WhiteFideId "16294629"]
[BlackFideId "16274830"]
[EventRounds "7"]
[EventType "team-swiss"]
[EventDate "2020.12.29"]

1. e4 {[%emt 0:00:06]} e5 {[%emt 0:00:02]} 2. Nf3 {[%emt 0:00:03]} Nf6 { [%emt
0:00:01]} 3. Nxe5 {[%emt 0:00:15]} d6 {[%emt 0:00:03]} 4. Nf3 {[%emt 0:00:12]}
Nxe4 {[%emt 0:00:01]} 5. Bc4 {[%emt 0:00:12]} d5 {[%emt 0:00:10]} 6. Bb3 {[%emt
0:00:09]} Be7 {[%emt 0:00:23]} 7. d3 {[%emt 0:00:12]} Nc5 {[%emt 0:00:28]} 8.
O-O {[%emt 0:00:29]} O-O {[%emt 0:00:18]} 9. Be3 {[%emt 0:00:39]} Nxb3 {[%emt
0:00:10]} 10. axb3 {[%emt 0:00:04]} Nc6 {[%emt 0:00:18]} 11. d4 { [%emt
0:00:47]} Bf6 {[%emt 0:00:45]} 12. Nc3 {[%emt 0:00:50]} Ne7 {[%emt 0:00:29]}
13. Ne2 {[%emt 0:00:19]} Nf5 {[%emt 0:00:17]} 14. Bf4 {[%emt 0:00:24]} Re8
{[%emt 0:00:26]} 15. c3 {[%emt 0:00:20]} Bd7 {[%emt 0:00:26]} 16. Re1 {[%emt
0:00:20]} c6 {[%emt 0:00:59]} 17. b4 {[%emt 0:01:16]} Nh4 {[%emt 0:00:24]} 18.
Ng3 {[%emt 0:00:30]} Bg4 {[%emt 0:00:24]} 19. h3 {[%emt 0:00:40]} Rxe1+ { [%emt
0:00:08]} 20. Qxe1 {[%emt 0:00:29]} Bxf3 {[%emt 0:00:04]} 21. Qe3 { [%emt
0:00:46]} Bxg2 {[%emt 0:01:30]} 22. Nh5 {[%emt 0:00:39]} Nf5 {[%emt 0:01:13]}
23. Qd2 {[%emt 0:00:56]} Bf3 {[%emt 0:00:54]} 24. Nxf6+ {[%emt 0:00:02]} Qxf6
{[%emt 0:00:02]} 25. Qe3 {[%emt 0:00:02]} Nxe3 {[%emt 0:00:07]} 26. fxe3 {
[%emt 0:00:00]} Qg6+ {[%emt 0:00:01]} 27. Kf2 {[%emt 0:00:02]} Qg2+ {[%emt
0:00:01]} 28. Ke1 {[%emt 0:00:01]} Qe2# {[%emt 0:00:01]} 0-1

[Event "DSJ Weihnachtsturnier U20 2020"]
[Site "https://play.chessbase.com/en/play?room=DSJWeihnachtU20"]
[Date "2020.12.29"]
[Round "1"]
[White "Feng, Felix"]
[Black "Kerssemeekers, Nick"]
[Result "1-0"]
[Termination "normal"]
[Board "14.4"]
[WhiteElo "1423"]
[BlackElo "1072"]
[WhiteTeam "SF Neuberg"]
[BlackTeam "Schachfreunde 1974 Heinsberg"]
[PlyCount "72"]
[WhiteFideId "16275179"]
[EventRounds "7"]
[EventType "team-swiss"]
[EventDate "2020.12.29"]

1. c4 {[%emt 0:00:02]} e6 {[%emt 0:00:17]} 2. Nc3 {[%emt 0:00:01]} d5 {[%emt
0:00:10]} 3. cxd5 {[%emt 0:00:01]} exd5 {[%emt 0:00:02]} 4. d4 {[%emt 0:00:01]}
Nf6 {[%emt 0:00:06]} 5. Nf3 {[%emt 0:00:03]} g6 {[%emt 0:00:02]} 6. Bg5 { [%emt
0:00:07]} Bg7 {[%emt 0:00:04]} 7. g3 {[%emt 0:00:02]} O-O {[%emt 0:00:02] } 8.
Qd2 {[%emt 0:00:01]} Bf5 {[%emt 0:01:14]} 9. Bh6 {[%emt 0:00:04]} Bxh6 { [%emt
0:00:15]} 10. Qxh6 {[%emt 0:00:02]} Ng4 {[%emt 0:00:09]} 11. Qd2 { [%emt
0:00:07]} Nc6 {[%emt 0:00:53]} 12. Bg2 {[%emt 0:00:03]} Be4 {[%emt 0:01:07]}
13. O-O {[%emt 0:00:04]} Bxf3 {[%emt 0:00:16]} 14. Bxf3 {[%emt 0:00:02]} Nf6
{[%emt 0:00:05]} 15. Rac1 {[%emt 0:00:06]} Re8 {[%emt 0:00:24]} 16. e3 { [%emt
0:00:02]} Ne4 {[%emt 0:00:42]} 17. Qc2 {[%emt 0:00:04]} Nxc3 {[%emt 0:00:04]}
18. Qxc3 {[%emt 0:00:01]} Qf6 {[%emt 0:00:24]} 19. Bg2 {[%emt 0:00:04]} Rac8
{[%emt 0:00:56]} 20. Bxd5 {[%emt 0:00:03]} Ne7 {[%emt 0:01:11]} 21. Bxb7 {
[%emt 0:00:02]} Nf5 {[%emt 0:00:05]} 22. Bxc8 {[%emt 0:00:03]} Rxc8 {[%emt
0:00:01]} 23. Qc6 {[%emt 0:00:01]} Nd6 {[%emt 0:00:18]} 24. Rc2 {[%emt
0:00:15]} Kg7 {[%emt 0:00:30]} 25. Rfc1 {[%emt 0:00:03]} Qd8 {[%emt 0:00:33]}
26. Qc5 { [%emt 0:00:06]} Ne4 {[%emt 0:00:28]} 27. Qe5+ {[%emt 0:00:03]} f6
{[%emt 0:00:08]} 28. Qxe4 {[%emt 0:00:02]} Qd7 {[%emt 0:00:04]} 29. Qb7 {[%emt
0:00:06]} Kh6 {[%emt 0:00:06]} 30. Rxc7 {[%emt 0:00:03]} Rxc7 {[%emt 0:00:01]}
31. Rxc7 { [%emt 0:00:02]} Qa4 {[%emt 0:00:05]} 32. Rxh7+ {[%emt 0:00:03]} Kg5
{[%emt 0:00:01]} 33. Qd5+ {[%emt 0:00:02]} f5 {[%emt 0:00:04]} 34. h4+ {[%emt
0:00:04]} Kg4 {[%emt 0:00:09]} 35. Kg2 {[%emt 0:00:04]} Qd1 {[%emt 0:00:09]}
36. f3+ { [%emt 0:00:07]} Qxf3+ {[%emt 0:00:06]} 1-0